000
00316nam a2200121Ia 4500
008
210430s9999 xx 000 0 und d
082
_a
620.43 L9121 P
100
_a
S.Lowell
245
_a
Powder Surface Area and Porosity
_c
S.Lowell
260
_a
London
_b
Chapman & Hall
_c
1991
300
_a
250p.
942
_c
BK
_2
ddc
999
_c
561899
_d
561899